Enabling the transition to a green economy (Record no. 112644)

MARC details
000 -LEADER
fixed length control field 01177cad a22002175a 4500
001 - CONTROL NUMBER
control field L153678
008 - FIXED-LENGTH DATA ELEMENTS--GENERAL INFORMATION
fixed length control field 110816s2011 xxk f 000 0 eng d
035 ## - SYSTEM CONTROL NUMBER
System control number (Sirsi) u153678
041 0# - LANGUAGE CODE
Language code of text/sound track or separate title eng
110 2# - MAIN ENTRY--CORPORATE NAME
Corporate name or jurisdiction name as entry element United Kingdom
Subordinate unit Department for Environment Food and Rural Affairs
245 00 - TITLE STATEMENT
Title Enabling the transition to a green economy
Remainder of title government and business working together
Medium [electronic resource]
260 ## - PUBLICATION, DISTRIBUTION, ETC.
Place of publication, distribution, etc. London
Name of publisher, distributor, etc. DEFRA
Date of publication, distribution, etc. 2011
520 ## - SUMMARY, ETC.
Summary, etc. Explains what the transition to a green economy means for business including looking ahead to 2020 and mapping out planned government action across areas including climate change, resource efficiency, carbon capture and waste prevention.
590 ## - LOCAL NOTE (RLIN)
Local note KA NTK
651 #4 - SUBJECT ADDED ENTRY--GEOGRAPHIC NAME
Geographic name United Kingdom
Chronological subdivision
690 ## - LOCAL SUBJECT ADDED ENTRY--TOPICAL TERM (OCLC, RLIN)
Topical term or geographic name as entry element ENVIRONMENTAL AND LAND CONSULTANCY-SUSTAINABILITY
710 1# - ADDED ENTRY--CORPORATE NAME
Corporate name or jurisdiction name as entry element United Kingdom
Subordinate unit Department for Business, Innovation and Skills
9 (RLIN) 5760
710 1# - ADDED ENTRY--CORPORATE NAME
Corporate name or jurisdiction name as entry element United Kingdom
Subordinate unit Department of Energy and Climate Change
9 (RLIN) 5850
856 40 - ELECTRONIC LOCATION AND ACCESS
Uniform Resource Identifier <a href="https://online.businesslink.gov.uk/Horizontal_Services_files/Enabling_the_transition_to_a_Green_Economy__Main_D.pdf">https://online.businesslink.gov.uk/Horizontal_Services_files/Enabling_the_transition_to_a_Green_Economy__Main_D.pdf</a>
Public note View the paper free of charge at www.onlinebusinesslink.gov.uk
942 ## - ADDED ENTRY ELEMENTS (KOHA)
Suppress in OPAC 0
Holdings
Withdrawn status Lost status Source of classification or shelving scheme Damaged status Not for loan Home library Current library Shelving location Date acquired Total Checkouts Full call number Barcode Date last seen Copy number Price effective from Koha item type
    Dewey Decimal Classification     Virtual Virtual Online 16/08/2011   ONLINE PUBLICATION 153678-2001 06/08/2019 1 06/08/2019 Book